Evaluación de la resistencia de morteros lanzados

Zapisane w:
Opis bibliograficzny
1. autor: Porras Azofeifa, Alonso
Format: Książka
Wydane: San José, C.R. 2001
Hasła przedmiotowe:
Etykiety: Dodaj etykietę
Nie ma etykietki, Dołącz pierwszą etykiete!

MARC

LEADER 00000nam a2200000Ia 4500
003 008774
005 20221231144201.0
008 140114s2001 cr a m 000 ||s d
040 |c cru CEDI 
090 |a TFG 4343 
100 |a Porras Azofeifa, Alonso  |9 7730 
245 |a Evaluación de la resistencia de morteros lanzados  
260 |c 2001  |a  San José, C.R. 
300 |a  xiv, 109 hojas : ilustraciones  
500 |a  Tesis (licenciatura en ingeniería civil)--Universidad de Costa Rica. Facultad de Ingeniería. Escuela de Ingeniería Civil 
650 |x ARGAMASA   |x MATERIALES DE CONSTRUCCION  |x PRUEBAS  |9 7731 
942 |c TFG 
999 |c 18095  |d 18095